Basic engineering thermodynamics / (Record no. 1856)

MARC details
000 -LEADER
fixed length control field 01094pam a2200289 a 4500
001 - CONTROL NUMBER
control field 4396381
003 - CONTROL NUMBER IDENTIFIER
control field OSt
005 - DATE AND TIME OF LATEST TRANSACTION
control field 20150525135309.0
008 - FIXED-LENGTH DATA ELEMENTS--GENERAL INFORMATION
fixed length control field 920709s1992 enka 001 0 eng
010 ## - LIBRARY OF CONGRESS CONTROL NUMBER
LC control number 92027653
020 ## - INTERNATIONAL STANDARD BOOK NUMBER
International Standard Book Number 0198562543 :
Terms of availability $46.75
020 ## - INTERNATIONAL STANDARD BOOK NUMBER
International Standard Book Number 0198562551 (pbk.) :
Terms of availability $20.50
040 ## - CATALOGING SOURCE
Original cataloging agency DLC
Transcribing agency DLC
Modifying agency DLC
050 00 - LIBRARY OF CONGRESS CALL NUMBER
Classification number TJ265
Item number .W39 1992
082 00 - DEWEY DECIMAL CLASSIFICATION NUMBER
Classification number 620 WHA 1999
Edition number 20
100 1# - MAIN ENTRY--PERSONAL NAME
Personal name Whalley, P. B.
9 (RLIN) 4877
245 10 - TITLE STATEMENT
Title Basic engineering thermodynamics /
Statement of responsibility, etc. P.B. Whalley.
260 ## - PUBLICATION, DISTRIBUTION, ETC. (IMPRINT)
Place of publication, distribution, etc. Oxford ;
-- New York :
Name of publisher, distributor, etc. Oxford University Press,
Date of publication, distribution, etc. 1992.
300 ## - PHYSICAL DESCRIPTION
Extent xi, 230 p. :
Other physical details ill. ;
Dimensions 24 cm.
500 ## - GENERAL NOTE
General note Includes index.
650 #0 - SUBJECT ADDED ENTRY--TOPICAL TERM
Topical term or geographic name as entry element Thermodynamics.
9 (RLIN) 4878
856 42 - ELECTRONIC LOCATION AND ACCESS
Materials specified Publisher description
Uniform Resource Identifier http://www.loc.gov/catdir/enhancements/fy0604/92027653-d.html
856 41 - ELECTRONIC LOCATION AND ACCESS
Materials specified Table of contents only
Uniform Resource Identifier http://www.loc.gov/catdir/enhancements/fy0604/92027653-t.html
906 ## - LOCAL DATA ELEMENT F, LDF (RLIN)
a 7
b cbc
c orignew
d 1
e ocip
f 19
g y-gencatlg
942 ## - ADDED ENTRY ELEMENTS (KOHA)
Source of classification or shelving scheme Other/Generic Classification Scheme
Koha item type Short Loan
Holdings
Withdrawn status Lost status Source of classification or shelving scheme Damaged status Not for loan Home library Current library Date acquired Source of acquisition Inventory number Total Checkouts Full call number Barcode Date last seen Price effective from Koha item type
    Other/Generic Classification Scheme     MUST Main Library MUST Main Library 25/05/2015   2001/15803   620 WHA 1999 2015-1566 25/05/2015 25/05/2015 Short Loan
    Other/Generic Classification Scheme     MUST Main Library MUST Main Library 25/05/2015   2001/15802   620 WHA 1999 2015-1567 25/05/2015 25/05/2015 Short Loan